Carta de Juan Bautista Mendricel al Obispo de la Puebla, disculpándose por no poder atender tan rápido sus órdenes, por estár atendiendo la Caja Real

Detalles Bibliográficos
Formato: Libro
Publicado: México, 1678
Materias:
Colección:Banco de datos
Acervo:Biblioteca Palafoxiana. Colección de Manuscritos
Descripción Física:1 f. ; 21 x 31 cm.
Tema general:Eclesiástica
LEADER 00461nam a22001330004500
035 |a 4104 
245 1 0 |a Carta de Juan Bautista Mendricel al Obispo de la Puebla, disculpándose por no poder atender tan rápido sus órdenes, por estár atendiendo la Caja Real 
260 |a México, 1678 
300 |a 1 f. ; 21 x 31 cm. 
650 1 0 |a Eclesiástica 
949 |a R496/288 
942 |c PALAMANU 
943 |g Biblioteca Palafoxiana. Colección de Manuscritos 
999 |c 1072049  |d 1072049